Dictionary of international biography international who's who in community service the Anglo-American who's who (Record no. 12688)

MARC details
000 -LEADER
fixed length control field 00408nam a2200121Ia 4500
082 ## - DEWEY DECIMAL CLASSIFICATION NUMBER
Classification number RR 920.3 DIC;
245 #0 - TITLE STATEMENT
Title Dictionary of international biography international who's who in community service the Anglo-American who's who
260 ## - PUBLICATION, DISTRIBUTION, ETC. (IMPRINT)
Place of publication New York
Name of publisher Melrose Press
Year of publication 1982
300 ## - PHYSICAL DESCRIPTION
Number of Pages xv, 885p.
650 ## - SUBJECT ADDED ENTRY--TOPICAL TERM
Topical Term Celebrities - Dictionaries
650 ## - SUBJECT ADDED ENTRY--TOPICAL TERM
Topical Term Biography, International - Dictionaries
942 ## - ADDED ENTRY ELEMENTS (KOHA)
Koha item type Books
Source of classification or shelving scheme Dewey Decimal Classification
Holdings
Withdrawn status Lost status Damaged status Not for loan Home library Current library Date acquired Bill Date Full call number Accession Number Price effective from Koha item type
        NASSDOC Library NASSDOC Library 08/06/2004 2004-10-22 RR 920.3 DIC; 16219 18/04/2019 Books